|
|
|
|
| LEADER |
00000naa2a2200000 4500 |
| 001 |
172252 |
| 005 |
20231031164234.0 |
| 035 |
|
|
|a (RuTPU)RU\TPU\book\186771
|
| 090 |
|
|
|a 172252
|
| 100 |
|
|
|a 20091211d2009 k y0rusy50 ca
|
| 101 |
0 |
|
|a rus
|
| 102 |
|
|
|a RU
|
| 200 |
1 |
|
|a Удаление из воды агрессивных газов и окисления соединений железа с помощью МИАД
|f Е. С. Полянский
|g науч. рук. В. В. Коробочкин
|
| 463 |
|
0 |
|0 (RuTPU)RU\TPU\book\176321
|t Химия и химическая технология в XXI веке
|o X Юбилейная всероссийская научно-практическая конференция студентов и аспирантов, г. Томск, 13-15 мая 2009 г.
|f Томский политехнический университет (ТПУ) ; Химия и химическая технология в XXI веке
|v С. 54-55
|d 2009
|p 322 с.
|
| 610 |
1 |
|
|a вода
|
| 610 |
1 |
|
|a газы
|
| 610 |
1 |
|
|a агрессивные газы
|
| 610 |
1 |
|
|a соединения железа
|
| 610 |
1 |
|
|a подземные воды
|
| 610 |
1 |
|
|a очистка
|
| 610 |
1 |
|
|a технологии
|
| 610 |
1 |
|
|a водоочистка
|
| 610 |
1 |
|
|a модуль интенсивной аэрации
|
| 610 |
1 |
|
|a труды учёных ТПУ
|
| 700 |
|
1 |
|a Полянский
|b Е. С.
|
| 702 |
|
1 |
|a Коробочкин
|b В. В.
|c российский химик-технолог
|c профессор Томского политехнического университета, доктор технических наук
|f 1951-
|g Валерий Васильевич
|2 stltpush
|4 727
|
| 801 |
|
1 |
|a RU
|b 63413507
|c 20091211
|
| 801 |
|
2 |
|a RU
|b 63413507
|c 20130515
|g RCR
|
| 942 |
|
|
|c BK
|